Research-based teaching and learning / (Record no. 1751)

MARC details
000 -LEADER
fixed length control field 00608nam a22001817a 4500
005 - DATE AND TIME OF LATEST TRANSACTION
control field 20230314010625.0
008 - FIXED-LENGTH DATA ELEMENTS--GENERAL INFORMATION
fixed length control field 230313b |||||||| |||| 00| 0 eng d
020 ## - INTERNATIONAL STANDARD BOOK NUMBER
International Standard Book Number 971-685-738-2
082 ## - DEWEY DECIMAL CLASSIFICATION NUMBER
Classification number Fil. 371.102 N322 2011
100 ## - MAIN ENTRY--PERSONAL NAME
Personal name Navarro, Rosita L.,
Relator term author.
245 ## - TITLE STATEMENT
Title Research-based teaching and learning /
Statement of responsibility, etc. Rosita L. Navarro, Rosita G. Santos.
260 ## - PUBLICATION, DISTRIBUTION, ETC.
Place of publication, distribution, etc. Manila :
Name of publisher, distributor, etc. Lorimar Publishing,
Date of publication, distribution, etc. c2011.
300 ## - PHYSICAL DESCRIPTION
Extent viii, 94p. ;
Other physical details ill.
504 ## - BIBLIOGRAPHY, ETC. NOTE
Bibliography, etc. note Includes bibliographical references.
541 ## - IMMEDIATE SOURCE OF ACQUISITION NOTE
Accession number 4867 c.1, 4868 c.2, 4869 c.3, 4820 c.4
650 ## - SUBJECT ADDED ENTRY--TOPICAL TERM
Topical term or geographic name entry element Teaching
700 ## - ADDED ENTRY--PERSONAL NAME
Personal name Santos, Rosita G.,
Relator term author.
Holdings
Withdrawn status Lost status Source of classification or shelving scheme Damaged status Not for loan Home library Current library Date acquired Total Checkouts Full call number Barcode Date last seen Copy number Price effective from Koha item type
    Dewey Decimal Classification     ctu-moalboal ctu-moalboal 08/09/2016   Fil. 371.102 N322 2011 4867 03/13/2023 1 03/13/2023 Books-Filipiniana
    Dewey Decimal Classification     ctu-moalboal ctu-moalboal 08/09/2016   Fil. 371.102 N322 2011 4868 03/13/2023 2 03/13/2023 Books-Filipiniana
    Dewey Decimal Classification     ctu-moalboal ctu-moalboal 08/09/2016   Fil. 371.102 N322 2011 4869 03/13/2023 3 03/13/2023 Books-Filipiniana
    Dewey Decimal Classification     ctu-moalboal ctu-moalboal 08/09/2016   Fil. 371.102 N322 2011 4870 03/13/2023 4 03/13/2023 Books-Filipiniana